000 00515pab a2200169 454500
008 180718b2004 xxu||||| |||| 00| 0 eng d
100 _aSitas, Ari
245 _aThirty years since the Durban strikes: black working - class leadership and the South African transition
260 _c2004
300 _ap.830-49.
362 _aSep
650 _aLeadership - South Africa
650 _aSouth Africa - Politics and government
650 _aPolitics and government
773 _aCurrent Sociology
909 _a62283
999 _c62283
_d62283